[Event "Washington op Premier"]
[Site "Seattle"]
[Date "2007.05.28"]
[Round "6"]
[White "Xing, Kerry"]
[Black "Corey, Michael"]
[Result "1-0"]
[WhiteElo "1762"]
[BlackElo "1722"]
[PlyCount "77"]
[EventDate "2007.05.26"]
[EventType "swiss"]
[EventRounds "6"]
[EventCountry "USA"]
[SourceTitle "EXT 2017"]
[Source "ChessBase"]
[SourceDate "2016.10.25"]
[SourceVersion "1"]
[SourceVersionDate "2016.10.25"]
[SourceQuality "1"]

1. d4 Nf6 2. c4 Nc6 3. Nc3 e5 4. d5 Ne7 5. e4 Ng6 6. h4 Bb4 7. h5 Ne7 8. h6 Rg8 9. hxg7 Rxg7 10. Qf3 Bxc3+ 11. Qxc3 d6 12. Qc2 Bd7 13. Bd2 c5 14. Ne2 Nfg8 15. Ng3 Bg4 16. Bc3 Nf6 17. Be2 Bxe2 18. Qxe2 Qd7 19. 0-0-0 0-0-0 20. Rh3 Ng6 21. Qf3 Nf4 22. Rh6 Rg6 23. Nf5 Rdg8 24. g3 Rxh6 25. Nxh6 Rg6 26. gxf4 Rxh6 27. fxe5 dxe5 28. Bxe5 Ne8 29. Qe3 Ra6 30. Qxc5+ Kd8 31. a3 Qg4 32. Qd4 Qg5+ 33. Kb1 Rb6 34. c5 Ra6 35. Bg3 f6 36. c6 bxc6 37. dxc6+ Ke7 38. c7 Rc6 39. Qd7+ 1-0